Foundation of Information Technology (Record no. 10930)
[ view plain ]
| 000 -LEADER | |
|---|---|
| fixed length control field | 00275nam a22000977a 4500 |
| 008 - FIXED-LENGTH DATA ELEMENTS--GENERAL INFORMATION | |
| fixed length control field | 180409b ||||| |||| 00| 0 eng d |
| 020 ## - INTERNATIONAL STANDARD BOOK NUMBER | |
| International Standard Book Number | 9788178556888 |
| 100 ## - MAIN ENTRY--PERSONAL NAME | |
| Personal name | Sood, Ranju |
| 9 (RLIN) | 4613 |
| 245 ## - TITLE STATEMENT | |
| Title | Foundation of Information Technology |
| 260 ## - PUBLICATION, DISTRIBUTION, ETC. (IMPRINT) | |
| Place of publication, distribution, etc. | New Delhi |
| Name of publisher, distributor, etc. | Arya Publication |
| Date of publication, distribution, etc. | 2015 |
| Withdrawn status | Lost status | Source of classification or shelving scheme | Damaged status | Koha normalized classification for sorting | Not for loan | Home library | Current library | Shelving location | Date acquired | Total Checkouts | Full call number | Barcode | Date last seen | Price effective from | Koha item type |
|---|---|---|---|---|---|---|---|---|---|---|---|---|---|---|---|
| Dewey Decimal Classification | SOO_003_540000000000000_D10 | Good Samaritan School Library | Good Samaritan School Library | Computer Science | 04/09/2018 | SOO003.54 D-10 | SOO13651 | 04/09/2018 | 04/09/2018 | BOOK |